George Michael: Albums by Cover - Statistics

General Stats
  • This quiz has been taken 12 times
  • The average score is 2 of 5
Answer Stats
Picture Hint Answer % Correct
1987 Faith
100%
1990 Listen Without Prejudice Vol. 1
50%
1996 Older
50%
2004 Patience
13%
1999 Songs from the Last Century
13%
No matching quizzes found
Score Distribution
Percent of People with Each Score
Percentile by Number Answered
Your Score History
You have not taken this quiz